00000000nam##2200000za#4500
0019.614674
003CaOODSP
00520211126112847
007ta
008150406|1998||||xxc|||||     f|0| 0 eng|d
020 |a0-662-27458-X
022 |a1192-5434
040 |aCaOODSP|beng
043 |an-cn---
0861 |aFB3-2/98-22E
1102 |aBank of Canada.
24512|aA non-paradoxical interpretation of the Gibson Paradox / |cby Serge Coulombe.
260 |aOttawa - Ontario : |bBank of Canada |c1998.
300 |av, 38p. : |bgraphs, tables ; |c28 cm.
4901 |aWorking paper|x1192-5434|v98-22
504 |aBibliography.
563 |aSoftcover
590 |a99-01|b1999-01-08
69007|aInterest rates|2gcpds
69007|aCurrency|2gcpds
69007|aMonetary policy|2gcpds
7201 |aCoulombe, Serge
7760#|tA non-paradoxical interpretation of the Gibson paradox / |w(CaOODSP)9.571684
830#0|aWorking paper,|x1192-5434|v98-22|w(CaOODSP)9.514622